Mạng và hệ thống điện

में बचाया:
ग्रंथसूची विवरण
मुख्य लेखक: A.A.Gladunop
स्वरूप: पुस्तक
भाषा:Undetermined
प्रकाशित: Hà Nội Giáo dục 1964
विषय:
टैग : टैग जोड़ें
कोई टैग नहीं, इस रिकॉर्ड को टैग करने वाले पहले व्यक्ति बनें!
Thư viện lưu trữ: Trung tâm Học liệu Trường Đại học Cần Thơ
LEADER 00584nam a2200169Ia 4500
001 CTU_46197
008 210402s9999 xx 000 0 und d
082 |a 621.319 
082 |b G553/T1 
100 |a A.A.Gladunop 
245 0 |a Mạng và hệ thống điện 
245 0 |c A.A.Gladunop 
260 |a Hà Nội 
260 |b Giáo dục 
260 |c 1964 
650 |a electric network analysis,electric power distribution,electric power systems - management,electric power transmission - equipments and supplies 
980 |a Trung tâm Học liệu Trường Đại học Cần Thơ